[Jürgen Matthäus and Frank Bajohr (ed.): The Political Diary of Alfred Rosenberg and the Onset of the Holocaust]

Titel: [Jürgen Matthäus and Frank Bajohr (ed.): The Political Diary of Alfred Rosenberg and the Onset of the Holocaust] / Shelley Baranowski
Verfasser:
In: Holocaust and genocide studies, Band 30, Heft 3 (2016), Seite 532-534
alle Artikel anzeigen
Veröffentlicht: 2016
Format: Aufsatz
Sprache: Englisch
Schlagworte:
Kein Bild verfügbar
X
alg: 43293493
001A    $03025:22-06-18 
001B    $01999:27-07-21 $t17:20:41.000 
001C    $03025:22-06-18 $t15:51:05.000 
001D    $03025:22-06-18 
001U    $0utf8 
001X    $00 
002@    $0Oou 
002C    $aText $btxt $2rdacontent 
002D    $aComputermedien $bc $2rdamedia 
002E    $aOnline-Ressource $bcr $2rdacarrier 
003@    $0432934936 
004P    $010.1093/hgs/dcw059 
007A    $0432934936 $aHEB 
010@    $aeng 
010E    $erda 
011@    $a2016 
013D    $#Newspapers Sections, columns, etc. Reviews $#Book reviewing $#Journaux Cahiers, chroniques, etc. Comptes rendus $#Livres Recension $#Rezension $#Buchbesprechung $#Buchrezension $#Buchkritik $74049712-4 $8Rezension [Ts1] $9085138568 
021A    $a[Jürgen Matthäus and Frank Bajohr (ed.): The Political Diary of Alfred Rosenberg and the Onset of the Holocaust] $hShelley Baranowski 
028A    $BVerfasser $#Baranowski, S. $4aut $71017899711 $8Baranowski, Shelley$Z1946- [Tp3] $9284987654 
031A    $d30 $e3 $h532-534 $j2016 
039B    $aEnthalten in $8--Obvc--. Holocaust and genocide studies. - Oxford {[u.a.] : Oxford Univ. Press, 1986-. - Online-Ressource. - ISSN 1476-7937 $x201600000300003468 $910488908X 
039T    $8--Aau--Rosenberg, Alfred$Z1893-1946 [Tp1]. The @political diary of Alfred Rosenberg and the onset of the Holocaust. - Lanham, Maryland : Rowman & Littlefield, 2015. - xviii, 509 Seiten. - Illustrationen. - ISBN 978-1-4422-5167-0 $9364643773 
045F    $a900.94798 $eDDC23BSB 
045F/01 $a900 
045F/03 $g4798 
045F/03 $g437 
045T    $aROM $qDE-5 $2FID 
045T    $aROM $qDE-18 $2FID 
045T    $aJUDAICA $qDE-30 $2FID 
045T    $aINTRECHT $qDE-1a $2FID 
045T    $aKRIM $qDE-21 $2FID 
045T    $a2,1 

lok: 43293493 78

exp: 43293493 78 1 #EPN
201B/01 $022-06-18 $t15:50:53.000 
201C/01 $022-06-18 
201U/01 $0utf8 
203@/01 $01023773414 
208@/01 $a22-06-18 $be 
209A/01 $a/ $f000 $x00 
209A/01 $ab*p $x01 
220C/01 $apgar 
244Z/01 $#Ostmitteleuropa $#Ostmitteleuropa $#Mitteleuropa, Ost $#Central Europe Ostmitteleuropa $#Mittelosteuropa $74075753-5 $8--Tg1--Ostmitteleuropa $x01 $9085214485 
244Z/01 $#Estland $#Estland $#Estnische SSR $#Eesti $#Estonskaja SSR $#EV $#Estonia 1918 - 1940, 1991 - $#Republik Estland $#Eesti Vabariik $#Republic of Estonia $#Ėstonskaja Respublika $#Estnische Republik $#Estonia 1918-1940 ; ab 1991 $#Estonia $#Estonie $74015587-0 $8--Tg1--Estland $x02 $9085035777 
247C/01 $82080>Marburg/Lahn, Herder-Institut, Forschungsbibliothek, Bibliographieportal $9336309341
LEADER 00000caa a2200000 c 4500
001 432934936
003 DE-603
005 20210727172041.0
007 cr||||||||||||
008 180622s2016 xx |||| o| u00||u|eng c
024 7 |a 10.1093/hgs/dcw059  |2 doi 
035 |a (DE-599)HEB432934936 
040 |a DE-603  |b ger  |c DE-603  |d DE-603  |e rda 
041 |a eng 
082 0 4 |8 1\u  |a 900.94798  |q DE-101  |2 23/BSB 
084 |a ROM  |q DE-5  |2 fid 
084 |a ROM  |q DE-18  |2 fid 
084 |a JUDAICA  |q DE-30  |2 fid 
084 |a INTRECHT  |q DE-1a  |2 fid 
084 |a KRIM  |q DE-21  |2 fid 
084 |a 2,1  |2 ssgn 
085 |8 1\u  |b 900 
085 |8 1\u  |z 2  |s 4798 
085 |8 1\u  |z 2  |s 437 
100 1 |a Baranowski, Shelley  |d 1946-  |e Verfasser  |4 aut  |0 (DE-603)284987654  |0 (DE-588)1017899711  |2 gnd 
245 0 0 |a [Jürgen Matthäus and Frank Bajohr (ed.): The Political Diary of Alfred Rosenberg and the Onset of the Holocaust]  |c Shelley Baranowski 
264 0 |c 2016 
336 |a Text  |b txt  |2 rdacontent 
337 |a Computermedien  |b c  |2 rdamedia 
338 |a Online-Ressource  |b cr  |2 rdacarrier 
655 7 |a Rezension  |2 gnd-content  |0 (DE-588)4049712-4  |0 (DE-603)085138568 
773 0 8 |i Enthalten in  |t Holocaust and genocide studies  |d Oxford ˜[u.a.] œ: Oxford Univ. Press, 1986-  |h Online-Ressource  |x 1476-7937  |g Band 30, Heft 3 (2016), Seite 532-534  |w (DE-603)10488908X  |w (DE-600)2079719-9 
787 0 8 |i Rezension von  |a Rosenberg, Alfred, 1893-1946  |t ˜Theœ political diary of Alfred Rosenberg and the onset of the Holocaust  |d Lanham, Maryland : Rowman & Littlefield, 2015  |h xviii, 509 Seiten, Illustrationen  |z 9781442251670  |w (DE-603)364643773 
924 1 |9 2080  |a (DE-603)1023773414  |b DE-2080  |c HES  |d d  |g /